01154nam a2200265 a 450000100060000000300080000600500170001400800410003103500190007204000330009104100080012408200220013210000300015424501390018426000700032330000290039350400360042265000360045865000670049470000300056194200120059199900170060395201340062095201340075450402BD-RjUL20211209075513.0160827m1955 nyua 001 0 eng  a(BD-RjUL)50522 aDLCcCarPdDLCdBD-RjULbeng aeng 223a400bBOL 19551 aBodmer, Frederick915103214aThe loom of language :bA guide to foreign languages for the home student /cFrederick Bodmer ; edited and arranged by Lancelot Hogben aLondon :bGeorge Allen & Uniwin LTD,c1944, [6th Impression 1955] a699 p. :bill. ;c22 cm. aIncludes Bibliography and Index 0aLanguage and languages.9151033 0aLanguage and languagesvGlossaries, vocabularies, etc.9151034 aHogben, Lancelot 9150991 2ddccBK c50402d50402 00102ddc40708NFICaRUCLbRUCLcStackd1958-01-23eBlack wellg1.50l0o400 BOL 1955r2016-08-27 00:00:00tC-2w2016-08-27yBK 00102ddc40708NFICaRUCLbRUCLcStackd1958-01-23eBlack wellg1.50l0o400 BOL 1955r2016-08-27 00:00:00tC-3w2016-08-27yBK